| 000 | 00561nam a2200217 a 4500 | ||
|---|---|---|---|
| 999 |
_c602 _d602 |
||
| 008 | 190924s1925 ii ||||g |||| 00| 0 eng d | ||
| 020 |
_a9788183552790 _cRs. 65.00 |
||
| 040 |
_aKO _beng |
||
| 041 | 0 | _aeng | |
| 044 | _aii | ||
| 082 | 0 | 4 |
_223 _a516.242 _bL848 |
| 100 | 1 | _aLoney, S. L. | |
| 245 | 1 | 0 |
_aPlane Trignonometry / _cS. L. Loney |
| 250 | _a6th ed. | ||
| 260 |
_aNoida : _bG K Publications,k _c1925 |
||
| 300 |
_avarious pagination ; _c21 cm. |
||
| 650 | 0 |
_aTrigonometry _xPlane trigonometry _vTextbooks |
|
| 904 | _aS_JOY | ||
| 942 | _cBK | ||